| 000 | 00917nas a2200301 4500 | ||
|---|---|---|---|
| 001 | BR2010001802 | ||
| 003 | BR-BrBNA | ||
| 005 | 20231205114210.0 | ||
| 007 | ta | ||
| 008 | 230509b bl.|||p| |||| 00| 00por d | ||
| 040 |
_aBR-BrBNA _bpor _cBiblioteca Nacional de Agricultura |
||
| 041 | _a(En) | ||
| 072 | _aF60 | ||
| 100 | 1 | _aSouza, T.C. de | |
| 100 | 1 | _aMagalhães, P.C. | |
| 100 | 1 | _aPereira, F.J. | |
| 100 | 1 | _aCastro, E.M. de | |
| 100 | 1 | _aSilva Júnior, J.M. da | |
| 100 | 1 | _aParentoni, S.N. | |
| 245 | 1 | _aLeaf plasticity in successive selection cycles of "Saracura" maize in response to periodic soil flooding | |
| 650 | _aMILHO | ||
| 650 | _aANOXIA | ||
| 650 | _aFOLHA | ||
| 650 | _aANATOMIA VEGETAL | ||
| 773 | 0 |
_tPesquisa Agropecária Brasileira (Brazil) _xISSN 0100-204X _g(Jan 2010), v. 45(1) p. 16-24 _wBR2010001802 |
|
| 909 |
_a202311 _bLúcia _c55 _dLúcia Elande |
||
| 942 |
_2AGRIS _n0 _cANA |
||
| 999 |
_c207566 _d207566 |
||